| 000 | 00747nam a2200253Ia 4500 | ||
|---|---|---|---|
| 003 | OSt | ||
| 005 | 20220925220844.0 | ||
| 006 | a|||||r|||| 00| 0 | ||
| 007 | ta | ||
| 008 | 220923b |||||||| |||| 00| 0 eng d | ||
| 020 | _c1895.00 | ||
| 037 |
_b1420, 19/12/0200, Efficient _cGeneral Book |
||
| 040 |
_aRTL _cRTL _beng |
||
| 041 |
_2eng _aeng |
||
| 082 | _aY:11, P0 | ||
| 100 |
_aParekh Bhiku _9269576 |
||
| 245 | 0 |
_aRethinking multiculturalism _b Cultural diversity an |
|
| 260 |
_aLondon _bMacmillan Press _c2000 |
||
| 300 |
_axii,379p _ccm. |
||
| 500 | _aBibliography : P 356-367 | ||
| 650 | _aSociology | ||
| 942 |
_hY:11, P0 _cGB _2CC |
||
| 999 |
_c572711 _d572711 |
||